Statistics for Country by Soccer (Football) Team #3

Click here to take the quiz!

General Stats

  • This quiz has been taken 58 times
  • The average score is 16 of 20

Answer Stats

TeamCountry% Correct
West HamEngland
100%
VillarrealSpain
100%
Saint-ÉtienneFrance
96%
BorussiaGermany
96%
LokomotivRussia
96%
SampdoriaItaly
95%
FeyenoordNetherlands
95%
BeşiktaşTurkey
95%
PalmeirasBrazil
91%
PAOKGreece
88%
BragaPortugal
86%
Tigres UANLMexico
75%
IndependienteArgentina
71%
LevskiBulgaria
70%
ÚjpestHungary
70%
Jeonbuk MotorsSouth Korea
68%
ŽilinaSlovakia
63%
VojvodinaSerbia
59%
ZamalekEgypt
54%
BohemiansCzech Republic
45%

Score Distribution

Percentile by Number Answered

Percent of People with Each Score

Your Score History

You have not taken this quiz